| 000 | 00785cam a2200229 a 4500 | ||
|---|---|---|---|
| 001 | 000006646 | ||
| 005 | 20200929153949.0 | ||
| 008 | 850910s1982 ve a 000 0 spa | ||
| 040 |
_aDO-SdBNP _cDLC _dDLC |
||
| 082 |
_a988.87 _bO39s |
||
| 100 | 1 |
_aOjer, Pablo. _910668 |
|
| 245 | 1 | 0 |
_aSumario histórico de la Guayana Esequiba / _cPablo Ojer. |
| 260 |
_aMaracaibo, San Cristobal : _bBiblioteca CORPOZULIA, _c1982. |
||
| 300 |
_a158 p. : _bil. ; _c19 cm. |
||
| 490 | 1 |
_aSumario _vno. 1 |
|
| 651 | 4 |
_aVenezuela _xLímites _xGuayana Inglesa _918462 |
|
| 650 | 4 |
_aGuayana inglesa _zVenezuela _918463 |
|
| 710 | 2 |
_aFordo Editorial del Estado Tachira _918464 |
|
| 710 | 2 |
_aUniversidad Católica del Tachira _918465 |
|
| 830 | 0 |
_aSumario ; _vno. 1 _918466 |
|
| 910 | _aCatalogación por copia / LC | ||
| 999 |
_c6436 _d6436 |
||